| 000 -LEADER |
| fixed length control field |
00593cam a2200181 a 4500 |
| 020 ## - INTERNATIONAL STANDARD BOOK NUMBER |
| ISBN |
0072998377 (alk. paper) |
| 040 ## - CATALOGING SOURCE |
| Transcribing agency |
DLC |
| 082 00 - DEWEY DECIMAL CLASSIFICATION NUMBER |
| Classification number |
302 MCG 2004 A010 Or. |
| 100 1# - MAIN ENTRY--AUTHOR NAME |
| Personal name |
Baran, Stanley J. |
| 245 10 - TITLE STATEMENT |
| Title |
Introduction to mass communication : |
| Remainder of title |
media literacy and culture / |
| 250 ## - EDITION STATEMENT |
| Edition statement |
Updated media enhanced 3rd ed. |
| 260 ## - PUBLICATION, DISTRIBUTION, ETC. (IMPRINT) |
| Place of publication |
Boston : |
| Name of publisher |
McGraw-Hill, |
| Year of publication |
c2004. |
| 300 ## - PHYSICAL DESCRIPTION |
| Number of Pages |
xxxvi, 529, [42] p. : |
| Other physical details |
ill. (some col.), col. maps ; |
| Dimensions |
26 cm. + |
| Accompanying material |
2 student CD-ROMs (4 3/4 in.) |
| 650 #0 - SUBJECT ADDED ENTRY--TOPICAL TERM |
| Topical Term |
Mass media. |
| 650 #0 - SUBJECT ADDED ENTRY--TOPICAL TERM |
| Topical Term |
Mass media and culture. |
| 650 #0 - SUBJECT ADDED ENTRY--TOPICAL TERM |
| Topical Term |
Media literacy. |
| 942 ## - ADDED ENTRY ELEMENTS (KOHA) |
| Koha item type |
សៀវភៅភាសាអង់គ្លេស |
| 952 ## - LOCATION AND ITEM INFORMATION (KOHA) |
| Withdrawn status [LOCAL, KOHA] |
0 |